00601nam a2200193Ia 4500008004100000020000700041082001500048100002500063245004700088250000800135260003900143300002800182500000700210600002000217650002000237942000700257952012800264999001500392240925s9999 xx 000 0 und d aNA a340.03 TAN aTanzul-ur-Rahman - - 0aLow Dictionary Qanooni Loghat English-Urdu a6th aLahore:bNadeem Book Housec,1997. axvi,512p.bNAfOriginal aNA aSocial Sciences aSocial Sciences cBK 001040708SSaUITUbUITUd1998-02-11ePakista law housg165.00l0o340.03 TANpQ1770r2024-09-25 07:12:33w2024-09-25yBK c4269d4269